| 000 | 01442cam a22004217a 4500 | ||
|---|---|---|---|
| 003 | CHAP | ||
| 005 | 20220817043735.0 | ||
| 008 | 001213d1999 mx r 00110 esp d | ||
| 010 | _a83139 | ||
| 011 | _a84111 | ||
| 020 | _a0874367379 | ||
| 035 | _a94630 | ||
| 040 | _cCHAP | ||
| 082 | 0 | 4 |
_a338.10973 _bH6 |
| 100 | 0 | 0 |
_aHoag, Dana L. _955683 |
| 245 | 1 | 0 |
_aAgricultural crisis in America : _ba reference handbook _c/by Dana L. Hoag. |
| 260 |
_aSanta Barbara, California : _bABC - Clio, _c1999. |
||
| 300 |
_a270p. : _btablas. |
||
| 490 | 0 | _aContemporary world issues | |
| 590 |
_aBATCH-UPD _b10 _c20130110 _lUCH01 _h0205 |
||
| 590 |
_aBATCH-UPD _b10 _c20130110 _lUCH01 _h0818 |
||
| 590 |
_aBATCH-UPD _b10 _c20130409 _lUCH01 _h2216 |
||
| 590 |
_aBATCH-UPD _b10 _c20130410 _lUCH01 _h0854 |
||
| 590 |
_aBATCH-UPD _b10 _c20130913 _lUCH01 _h2040 |
||
| 590 |
_aBATCH-UPD _b10 _c20130914 _lUCH01 _h1038 |
||
| 590 |
_aCONVERSION _b10 _c20130109 _lUCH01 _h1346 |
||
| 650 | 1 | 4 |
_aAgricultura _xAspectos economicos _zE.U.A. _91311 |
| 650 | 1 | 4 |
_aAgricultura _xE.U.A. _91408 |
| 650 | 1 | 4 |
_aAgricultura _xHistoria _xAmerica. _91508 |
| 650 | 1 | 4 |
_aAgricultura _xIndustrialización. _91560 |
| 650 | 1 | 4 |
_aAgricultura _xInnovaciones tecnológicas. _91565 |
| 650 | 1 | 4 | _aGranjas. |
| 830 | 0 | 0 |
_aContemporary world issues _927439 |
| 901 | _aBK | ||
| 905 | _aEdna Luz | ||
| 942 | _cLIBRO | ||
| 949 |
_a338.10973 H6 _bBC _cLIBRO _d33724000807947 _eLIBRO _h99260 _i94630 _si _t$388.27 |
||
| 999 |
_c83139 _d83139 |
||